LEADER 03873nam 2200553 450 001 9910467563703321 005 20200520144314.0 010 $a3-11-046716-X 010 $a3-11-046701-1 024 7 $a10.1515/9783110467017 035 $a(CKB)3850000000001062 035 $a(MiAaPQ)EBC4880116 035 $a(DE-B1597)462671 035 $a(OCoLC)992489824 035 $a(DE-B1597)9783110467017 035 $a(Au-PeEL)EBL4880116 035 $a(CaPaEBR)ebr11399409 035 $a(OCoLC)991386858 035 $a(EXLCZ)993850000000001062 100 $a20170711h20172017 uy 0 101 0 $ager 135 $aurcnu|||||||| 181 $2rdacontent 182 $2rdamedia 183 $2rdacarrier 200 10$aBetuletum$hTeil I$iTexte /$fSigmund von Birken ; herausgegeben von Hartmut Laufhu?tte ; in zusammenarbeit mit Ralf Schuster 210 1$aBerlin, [Germany] ;$aBoston, [Massachusetts] :$cDe Gruyter,$d2017. 210 4$d©2017 215 $a1 online resource (1,318 pages) $cillustrations 225 1 $aNeudrucke deutscher Literaturwerke ;$vBand 90 311 $a3-11-046429-2 320 $aIncludes bibliographical references and index. 327 $tFrontmatter -- $tInhalt -- $tEinleitung -- $tDie namengebende sammlung (Betuletum) -- $tTexte nach den Ergänzungslisten -- $tDie erste Ergänzungssammlung (Arbeitsbuch PBlO.B.5.0.26, Teil 1) -- $tTexte aus dem Spiegel der Ehren -- $tDie erste Ergänzungssammlung (Arbeitsbuch PBlO.B.5.0.26, Teil 2) -- $tDie zweite Ergänzungsammlung (Arbeitsbuch PBlO.B.5.0.27) -- $tApparate und Kommentare -- $tDie namengebende Sammlung (Betuletum) -- $tTexte nach den Ergänzungslisten -- $tDie erste Ergänzungssammlung (Arbeitsbuch PBlO.B.5.0.26, Teil 1) -- $tTexte aus dem Spiegel der Ehren -- $tDie erste Ergänzungssammlung (Arbeitsbuch PBlO.B.5.0.26, Teil 2) -- $tDie zweite Ergänzungsammlung (Arbeitsbuch PBlO.B.5.0.27) -- $tVerzeichnis derjenigen Manuskripte oder Drucke, die in den Kommentaren vollständig mitgeteilt werden -- $tVerzeichnis der Gedichtüberschriften und der Eingangsverse Von Gedichten und Lapidarien -- $tLiteraturverzeichnis -- $tPersonenregister 330 $aDer Band bringt den von Sigmund von Birken selbst gesammelten Teil seiner lateinischen Produktion in die Ausgabe ein. Die chronologisch angelegte und von ihm selbst handschriftlich geführte Sammlung BETULETUM enthält von 1645 bis 1662 entstandene lateinische Gedichte, Briefe und Andachtstexte Sigmund von Birkens. Sie sollte weitergeführt werden. Das ergibt sich aus Fortsetzungslisten mit Titeln und zwei chronologisch an diese Listen anschließenden, ihrerseits chronologisch geführten Arbeitsbüchern. Die in den Listen genannten und in den Arbeitsbüchern enthaltenen und zur Aufnahme bezeichneten Texte sind, der Planung des Autors gemäß, in den Band aufgenommen. Die Sammlung lässt gut erkennen, bei welchen Gelegenheiten und zu welchen Zwecken sich die Autoren des 17. Jahrhunderts der lateinischen Sprache bedienten. Im Kommentarteil werden alle Texte in ihr zeitliches, soziales bzw. epistolographisches Umfeld eingeordnet, erklärt und übersetzt. Der Band erschließt der Wissenschaft eine bislang gänzlich unbekannte Facette des Birken'schen Werkes und ermöglicht neue Erkenntnisse hinsichtlich der sozialen Funktion von Literatur im 17. Jahrhundert. 410 0$aNeudrucke deutscher Literaturwerke ;$vBand 90. 606 $aLITERARY CRITICISM / European / German$2bisacsh 608 $aElectronic books. 615 7$aLITERARY CRITICISM / European / German. 676 $a832.5 700 $aBirken$b Sigmund von$f1626-1681,$0995542 702 $aLaufhu?tte$b Hartmut 702 $aSchuster$b Ralf 801 0$bMiAaPQ 801 1$bMiAaPQ 801 2$bMiAaPQ 906 $aBOOK 912 $a9910467563703321 996 $aBetuletum$92454326 997 $aUNINA LEADER 03487oam 22007695 450 001 9910953913503321 005 20240516054924.0 010 $a9786613066060 010 $a9781283066068 010 $a1283066068 010 $a9780821386637 010 $a0821386638 024 7 $a10.1596/978-0-8213-8662-0 035 $a(CKB)2550000000032353 035 $a(EBL)690502 035 $a(OCoLC)724690182 035 $a(SSID)ssj0000482835 035 $a(PQKBManifestationID)12160440 035 $a(PQKBTitleCode)TC0000482835 035 $a(PQKBWorkID)10544560 035 $a(PQKB)10877254 035 $a(Au-PeEL)EBL690502 035 $a(CaPaEBR)ebr10460973 035 $a(CaONFJC)MIL306606 035 $a(The World Bank)2011013757 035 $a(US-djbf)16715558 035 $a(MiAaPQ)EBC690502 035 $a(Perlego)1483506 035 $a(EXLCZ)992550000000032353 100 $a20110331d2011 uy 0 101 0 $aeng 135 $aurcn||||||||| 181 $ctxt$2rdacontent 182 $cc$2rdamedia 183 $acr$2rdacarrier 200 10$aAssessment of the impacts of climate change on mountain hydrology : $edevelopment of a methodology through a case study in the Andes of Peru /$fWalter Vergara ... [and others] 205 $a1st ed. 210 1$aWashington, DC :$cWorld Bank,$d[2011] 210 4$dcopyright 2011. 215 $axix, 157 pages $cillustrations ;$d26 cm 225 0 $aA World Bank study 300 $aDescription based upon print version of record. 311 08$a9780821386620 311 08$a082138662X 320 $aIncludes bibliographical references. 327 $aCover; Title Page; Copyright; Contents; Foreword; Acknowledgments; Executive Summary; Acronyms and Abbreviations; Chapter 1 - Introduction; Chapter 2 - Context; Chapter 3 - Climate Analysis; Chapter 4 - Hydrology Analysis; Chapter 5 - Testing the Hydrology Tool at Basin Level; Chapter 6 - Results from the Hydrology Analysis; Chapter 7 - Conclusions; References; Appendixes; Back Cover 330 $aClimate change is beginning to have effects on climate, weather and resource availability in ways that need to be anticipated when planning for the future. In particular, changes in rainfall patterns and temperature may impact the intensity or schedule of water availability. Also the retreat of tropical glaciers, the drying of unique Andean wetland ecosystems, as well as increased weather variability and weather extremes will affect water regulation. These changes have the potential to impact the energy and other sectors, such as agriculture, and could have broader economic effects.Anticipatin 410 0$aWorld Bank e-Library. 606 $aMountain hydrology$zPeru$vCase studies 606 $aWatershed hydrology$zPeru$vCase studies 606 $aBioclimatology$zPeru$vCase studies 606 $aClimatic changes$zPeru$vCase studies 607 $aSanta River (Peru)$xClimate$vCase studies 607 $aMantaro River (Peru)$xClimate$vCase studies 607 $aRimac River (Peru)$xClimate$vCase studies 615 0$aMountain hydrology 615 0$aWatershed hydrology 615 0$aBioclimatology 615 0$aClimatic changes 676 $a551.480985/09143 700 $aVergara$b Walter$f1950-$01610041 801 0$bDLC 801 1$bDLC 906 $aBOOK 912 $a9910953913503321 996 $aAssessment of the impacts of climate change on mountain hydrology$94368456 997 $aUNINA